| 000 | 00630nam a2200217Ia 4500 | ||
|---|---|---|---|
| 003 | OSt | ||
| 005 | 20250305164717.0 | ||
| 008 | 210423s2016 xx 000 0 und d | ||
| 020 | _a978-81-316-0789-3 | ||
| 040 | _cAL | ||
| 041 | _aeng | ||
| 082 |
_a362.76095479 _2PANS |
||
| 100 |
_aPANDE (Rama Achyut) _9119204 |
||
| 245 | _aSexual abuse of girl children: some hidden facts | ||
| 260 |
_aJaipur _bRawat Publications _c2016 |
||
| 300 |
_ax,201 _bHB |
||
| 365 |
_b940 _cINR |
||
| 650 |
_aSocial Welfare Problems & Services _9119205 |
||
| 906 | _aabuse ; children: ; facts ; girl ; hidden ; Sexual ; some | ||
| 942 |
_2ddc _cBK |
||
| 999 |
_c176537 _d176537 |
||